00897nam a2200241Ia 4500001000700000003000500007008004100012010001100053040000900064100003100073245020000104260004100304300001000345502007600355650002100431650002400452650002900476650003400505650003000539650003400569650003100603650002100634Z_5077CHAP220113s2004 xx 000 0 und d a168134 cCHAP aMéndez Carrillo, Gabriel aFertilidad de ovejas pelibuey pastoreando praderas de alfalfa (Medicago sativa L) o una asociación de ryegrass orchard (Lolium perenne L-Dactylis glomerata L) /cpor Gabriel Méndez Carrillo aChapingo, Méx. :bEl autor,c2004 a56 h. aTesis (Ing. Agr. Esp. en Zootecnia) -- UACH. Departamento de Zootecnia aBorrego Pelibuey aDactylis glomerata  aGanado lanarx Pastoreo  aGanado lanarxAlimentación  aGanado lanarxFecundidad  aGanado lanarxReproducción  aInseminación artificial  aLolium perenne